| 000 | 00391nam a2200097Ia 4500 | ||
|---|---|---|---|
| 008 | 180130s9999 xx 000 0 und d | ||
| 245 |
_cIkhlef, A.; Kihel, M.; Boukhezzar, B.; Guerroudj, A.; Mansouri, N. _aOnline temperature control system |
||
| 260 | _c2016 | ||
| 300 | _aBook title: Recent developments in mobile technology--Acession number C20742; pages 171-174 | ||
| 650 | _aMOBILE TECHNOLOGY | ||
| 999 |
_c353779 _d353779 |
||